Education and technology (Record no. 9688)

MARC details
000 -LEADER
fixed length control field 00545cam a2200205ua 4500
001 - CONTROL NUMBER
control field 10732
005 - DATE AND TIME OF LATEST TRANSACTION
control field 20260515114644.0
008 - FIXED-LENGTH DATA ELEMENTS--GENERAL INFORMATION
fixed length control field 190330n xxu |||gr||||Z||||||eng
020 ## - INTERNATIONAL STANDARD BOOK NUMBER
International Standard Book Number 1576077497
040 ## - CATALOGING SOURCE
Transcribing agency MAIN
082 ## - DEWEY DECIMAL CLASSIFICATION NUMBER
Classification number 371.33
100 ## - MAIN ENTRY--PERSONAL NAME
Personal name Ann Kovalchick,
Relator term Author.
245 ## - TITLE STATEMENT
Title Education and technology
Remainder of title encyclopedia volume II: J-Z
250 ## - EDITION STATEMENT
Remainder of edition statement V.II.
260 ## - PUBLICATION, DISTRIBUTION, ETC.
Place of publication, distribution, etc. California:
Name of publisher, distributor, etc. ABC CLIO inc,
Date of publication, distribution, etc. 2004.
300 ## - PHYSICAL DESCRIPTION
Extent 713p.
653 ## - INDEX TERM--UNCONTROLLED
Uncontrolled term Schools & their activities special education
700 ## - ADDED ENTRY--PERSONAL NAME
Personal name Kara Dawson,
Relator term Author.
942 ## - ADDED ENTRY ELEMENTS (KOHA)
Koha item type Books
Holdings
Withdrawn status Lost status Damaged status Not for loan Home library Current library Shelving location Date acquired Total checkouts Full call number Barcode Date last seen Date last checked out Copy number Price effective from Koha item type
        Naharkatiya College Library Naharkatiya College Library General stacks 09/19/2020 1 371.33Educational technology | KOV 24652 01/30/2021 01/27/2021 1 09/19/2020 Books